| 000 | 00803cam a22002891 4500 | ||
|---|---|---|---|
| 001 | 75586 | ||
| 003 | BD-RjUL | ||
| 005 | 20211209082719.0 | ||
| 008 | 190428s1950 enka b 000 0 eng | ||
| 035 | _a(BD-RjUL)75804 | ||
| 035 | _a(OCoLC)4451967 | ||
| 040 |
_aDLC _cOAkU _dUk _dDLC _beng |
||
| 041 | _aeng | ||
| 042 | _apremarc | ||
| 082 |
_a658 _223 _bHOW 1950 |
||
| 100 | 1 |
_aHoughton, Philip Stephen. _9231307 |
|
| 245 | 1 | 0 | _aWorks management and organisation. |
| 260 |
_aLondon : _bE. & F. N. Spon, _c1950. |
||
| 300 |
_axiv, 269 p. _billus. _c23 cm. |
||
| 504 | _aBibliography: p. 260-261. | ||
| 650 | 0 |
_aIndustrial management. _9231308 |
|
| 906 |
_a7 _bcbc _coclcrpl _du _encip _f19 _gy-gencatlg |
||
| 942 |
_2ddc _cBK |
||
| 999 |
_c75586 _d75586 |
||